1935 1745 1954 1835 1442 1110 1642 1187 1482 1407 1759 1901 1558 1127 1656 1243 1625 1762 1507 1439 1093 1477 1712 1025 1126 1677 1255 1013 1469 1097 1389 1715 1329 1592 1072 1786 1580 1902 1928 1484 1360 1940 1738 1428 1095 1331 1867 1498 1521 1032 1120 1759 1081 1992 1588 1063 1636 1563 1957 1580 1515 1536 1957 1578 1123 1070 1429 1946 1490 1520 1412 1025 1587 1422 1578 1596 1914 1475 1166 1347 1664 1535 1246 1604 1416 1814 1708 1876 1426 1840 1300 1097 1568 1082 1626 1023 1847 1382 1037 BCNSPRNW ULIB Ver.6.0+V

เปลี่ยนเป็นภาษาไทย

Change to English
 แสดงรายละเอียดบรรณานุกรม
  กลับหน้าหลัก

Brief Record : Get Marc (ISO 2709) : E-mail record : QR code < ปิดหน้าต่าง
LEADER : 00000nam 2200000uu 4500
001    13399121910
003     ULIB
008    121213s2547||||th 000 0 tha d
020    ^a9749212223
041 0  ^atha
060 04 ^aWO100^bส843ศ 2547
245 00 ^aศัลยศาสตร์ทันยุค =^bModern surgical practice /^cสุมิต วงศ์เกียรติขจร ... [และคนอื่นๆ], บรรณาธิการ
246 31 ^aModern surgical practice
250    ^aพิมพ์ครั้งที่ 1
260    ^aกรุงเทพฯ :^bโรงพยาบาลพระมงกุฎเกล้า สมาคมวิทยาลัยศัลยแพทย์นานาชาติแห่งประเทศไทย,^c2547
300    ^a0632 หน้า :^bภาพประกอบ, ตาราง ;^c27 ซม.
650  7 ^aศัลยศาสตร์
700 0  ^aสุมิต วงศ์เกียรติขจร,^eบรรณาธิการ
700 0  ^aวิชัย วาสนสิริ,^eบรรณาธิการ
700 0  ^aจรัสพงศ์ เกษมมงคล,^eบรรณาธิการ
700 0  ^aสุรพงษ์ สุภาภรณ์,^eบรรณาธิการ
710 2  ^aโรงพยาบาลพระมงกุฎเกล้า
710 2  ^aสมาคมวิทยาลัยศัลยแพทย์นานาชาติแห่งประเทศไทย
945    ^p800^l0^i13305
945    ^p800^l0^i13306
945    ^p800^l0^i13307
945    ^p800^l0^i13308
999    ^aทศพร เกษรทอง
รายการนี้ยังไม่มีแท็ก
คุณยังไม่ได้ล็อกอิน คุณสามารถมีกิจกรรมร่วมกับเว็บไซต์ได้ แต่ต้องล็อกอินก่อน ::
  ล็อกอิน

รายการสื่อสารสนเทศ

ลำดับที่ ประเภท เลขเรียก/บาร์โค้ด สถานที่ สถานะ
1. วิทยาศาสตร์การแพทย์ และสุขภาพ
วิทยาศาสตร์การแพทย์ และสุขภาพ
WO100 ส843ศ 2547 ฉ.1 
  Barcode: 13305
ห้องสมุดวิทยาเขตสวรรค์ประชารักษ์
►หนังสือทั่วไป
บนชั้น
2. วิทยาศาสตร์การแพทย์ และสุขภาพ
วิทยาศาสตร์การแพทย์ และสุขภาพ
WO100 ส843ศ 2547 ฉ.2 
  Barcode: 13306
ห้องสมุดวิทยาเขตสวรรค์ประชารักษ์
►หนังสือทั่วไป
บนชั้น
3. วิทยาศาสตร์การแพทย์ และสุขภาพ
วิทยาศาสตร์การแพทย์ และสุขภาพ
WO100 ส843ศ 2547 ฉ.3 
  Barcode: 13307
ห้องสมุดวิทยาเขตสวรรค์ประชารักษ์
►หนังสือทั่วไป
บนชั้น
4. วิทยาศาสตร์การแพทย์ และสุขภาพ
วิทยาศาสตร์การแพทย์ และสุขภาพ
WO100 ส843ศ 2547 ฉ.4 
  Barcode: 13308
ห้องสมุดวิทยาเขตสวรรค์ประชารักษ์
►หนังสือทั่วไป
บนชั้น

รายการใกล้เคียง
    หัวเรื่อง [ศัลยศาสตร์]

BibComment


ยังไม่เคยถูกคอมเมนท์

คอมเมนท์ทรัพยากรรายการนี้
  คอมเมนท์: ศัลยศาสตร์ทันยุค..


 Copyright 2026. Bcnsprnw @Library